[Event "SCC Championship"]
[Site "?"]
[Date "1993.02.14"]
[Round "6"]
[White "Golding, D."]
[Black "Bailey, B."]
[Result "0-1"]
[WhiteElo "1508"]
[BlackElo "1905"]
[Annotator "Stockfish 12 (20s)"]
[PlyCount "90"]

{A03: Bird's Opening with 1...d5} 1. f4 d5 2. b3 g6 3. Bb2 Nf6 4. Nf3 Bg7 5. e3
O-O 6. Bd3 Nc6 (6... c5 7. O-O Nc6 8. Ne5 Qc7 9. Bb5 Ng4 10. Nd3 Nd8 11. Bxg7
Kxg7 12. h3 Nf6 13. Ne5 c4 14. bxc4 a6 15. Ba4 dxc4 16. c3 b5 17. Bc2 Bb7 18.
a4 Ne6 19. Na3 Qc5 20. Ng4 {
1/2-1/2 (20) Fahrner,K (2285)-Schneider Zinner,H (2155) Austria 1996}) 7. Na3
$146 (7. O-O Nb4 8. Ne5 Nd7 9. Qf3 Nxd3 10. cxd3 Nxe5 {
1/2-1/2 (10) Schauer,G (1719)-Fischer,O (2073) Bayern 2003}) (7. Nc3 Re8 8. Qe2
Nb4 9. O-O-O Nxd3+ 10. Qxd3 Bf5 11. Qe2 c5 12. d4 cxd4 13. Nxd4 Ne4 14. g4 Nxc3
15. Bxc3 Be4 16. h4 Rc8 17. Kb2 Qc7 18. Qd2 Bxh1 19. Rxh1 Qd7 20. g5 Rc7 21.
Rc1 Rec8 {Proestler,A-Grafl,F Hessen 1995 0-1 (39)}) (7. h3 Nb4 8. g4 Nxd3+ 9.
cxd3 Ne8 10. Bxg7 Nxg7 11. Nc3 Ne6 12. Qc2 d4 13. Ne2 c5 14. e4 b6 15. f5 gxf5
16. gxf5 Ng7 17. O-O-O e6 18. fxe6 fxe6 19. Nh2 Rf2 20. Ng3 Qh4 21. Rdg1 Kh8 {
Biles,S-Ufer,A Colorado 1999 1-0 (77)}) (7. Bb5 Nb8 $15) 7... Re8 (7... Bg4 8.
Be2 $17) 8. O-O (8. Bb5 Bd7 $11) 8... Bg4 (8... e5 9. fxe5 Nd7 10. Bb5 Ncxe5
11. Nxe5 Bxe5 12. Bxe5 Rxe5 13. Be2 $17) 9. h3 $2 (9. Bb5 $142 $11) 9... Bxf3
$17 10. Qxf3 e5 11. fxe5 Nxe5 12. Bxe5 (12. Qf2 c6 $19 (12... Nxd3 $6 13. cxd3
Re6 14. Nc2 $11)) 12... Rxe5 13. Rad1 (13. Nb5 c6 14. Nd4 Qd7 $19) 13... Qe7
14. Nb1 (14. Nb5 c6 15. Nd4 Ne4 $17) 14... c6 (14... Ne4 15. c4 Ng5 16. Qg3
dxc4 17. Bxc4 $19) 15. c4 $2 (15. Nc3 $142 $19) 15... Rd8 16. Nc3 (16. cxd5
Nxd5 17. Qf2 $19) 16... d4 17. exd4 Rxd4 18. Bb1 (18. Rf2 Rd6 $19) 18... Qd7 (
18... Nh5 $142 $5 19. Bd3 $19) 19. Qf2 b6 (19... Nh5 20. Ne2 Re7 21. g4 Rxd2
22. Rxd2 Qxd2 23. gxh5 $19) 20. Kh1 $4 (20. Nd5 $142 $1 Nh5 21. Qxd4 Rxd5 22.
Qh4 $11) 20... Nh5 $19 21. Nd5 (21. Qf3 f5 22. Rf2 Rf4 23. Qxf4 Nxf4 24. Rxf4
b5 25. cxb5 cxb5 $19) 21... cxd5 (21... Re2 $142 $1 22. Ne3 Rxf2 23. Rxf2 Ng3+
24. Kg1 $19) 22. Qxd4 Ng3+ 23. Kh2 Nxf1+ (23... Qc7 $142 24. Qf4 Nh5 25. Qxf7+
Qxf7 26. Rxf7 Kxf7 27. a4 $19) 24. Rxf1 Re1 $1 25. Qf2 (25. Rxe1 Bxd4 {
Discovered attack} (25... Qc7+ {Decoy})) 25... Be5+ $4 (25... Rxf1 26. Qxf1
dxc4 27. Qxc4 Qxd2 28. Qf1 $19) 26. Kh1 $2 (26. Kg1 $142 $1 Rxf1+ 27. Kxf1 dxc4
28. bxc4 $15) 26... Rxf1+ 27. Qxf1 dxc4 28. Qe2 (28. Qxc4 Qxd2 29. Qf1 $19)
28... Bc7 (28... Qd4 $142 $5 29. Qxc4 Qf2 30. Qc1 $19) 29. bxc4 (29. Qxc4 $142
$5 Qe7 30. Be4 $17) 29... Qd6 30. g4 $4 (30. Kg1 $142 Qf6 31. Qe8+ Kg7 32. Qe3
$17) 30... Qg3 31. Qg2 (31. d4 Qxh3+ 32. Kg1 Qg3+ 33. Kf1 Qf4+ 34. Qf2 Qxg4 $19
) 31... Qe1+ 32. Qg1 Qxd2 33. Qg2 (33. a4 Qe2 $19) 33... Qc1+ 34. Qg1 Qxc4 35.
Qg2 (35. Kg2 Qd5+ 36. Kf2 Qd2+ 37. Kf3 $19) 35... Qc1+ 36. Qg1 Qb2 37. h4 (37.
Bd3 Qxa2 38. Qg2 Qa1+ 39. Bf1 b5 40. Qa8+ Kg7 $19) 37... b5 38. h5 b4 39. hxg6
hxg6 40. Bd3 Qxa2 41. Qg2 Qa1+ 42. Qf1 Qe5 43. Qe2 Qg3 44. Bc4 (44. Qg2 Qxd3
45. Qa8+ Kh7 46. Qg2 b3 47. Kg1 Bb6+ 48. Kh2 Qc2 49. g5 Qxg2+ 50. Kxg2 b2 51.
Kf1 b1=Q+ 52. Ke2 Qc2+ 53. Kf3 Qf2+ 54. Kg4 Bc7 55. Kh3 Qg3#) 44... Qh3+ 45.
Kg1 Bb6+ (45... Bb6+ 46. Qf2 Qg3+ 47. Kh1 Bxf2 48. Bxf7+ Kxf7 49. g5 Qg1#) 0-1

[Event "SCC Swiss"]
[Site "?"]
[Date "1993.02.26"]
[Round "?"]
[White "Bailey, B."]
[Black "Emigh, D."]
[Result "1/2-1/2"]
[WhiteElo "1905"]
[BlackElo "1801"]
[Annotator "Stockfish 12 (15s)"]
[PlyCount "52"]

{C18: French: 3 Nc3 Bb4: Main line: 7 h4 and 7 Qg4} 1. e4 e6 2. d4 d5 3. Nc3
Bb4 4. e5 c5 5. a3 Bxc3+ 6. bxc3 Ne7 7. Bg5 Qc7 (7... Qa5 8. Bd2 Nbc6 9. Nf3
cxd4 10. cxd4 Qa4 11. c4 Qxd1+ 12. Rxd1 Bd7 13. cxd5 Nxd5 14. Bd3 O-O 15. O-O
Rfc8 16. Rb1 Rc7 17. Rfc1 Rac8 18. h3 Nce7 19. Rxc7 Rxc7 20. g4 b6 21. Rc1
Rxc1+ 22. Bxc1 {Lundberg,R-Kretz,J (2230) Vaxjo 1992 0-1 (50)}) (7... Nbc6 8.
Nf3 Bd7 9. Be2 Qc7 10. O-O O-O 11. Qd2 Rac8 12. Bd3 Nf5 13. g4 Nfe7 14. Bf6 c4
15. Bxh7+ Kxh7 16. Qg5 Ng6 17. Qh5+ Kg8 18. Ng5 {
1-0 (18) Sokol,D (1645)-Golian,R (1860) Slovakia 1998}) 8. Bxe7 Qxe7 $146 (8...
Kxe7 9. Nf3 cxd4 10. cxd4 Qc3+ 11. Nd2 Qxd4 12. Be2 Nc6 13. O-O Bd7 14. Nf3
Qxd1 15. Rfxd1 Rac8 16. Bb5 Nxe5 17. Bxd7 Nxf3+ 18. gxf3 Kxd7 19. Rab1 b6 20.
Rd2 Rc3 21. Rb3 Rhc8 22. a4 Rxc2 23. Rxc2 {
Sarkisyan,M-Hari,V Cannes 1997 0-1 (37)}) 9. Nf3 Nc6 10. Bd3 O-O 11. O-O c4 (
11... h6 12. Re1 $11) 12. Be2 $11 f6 (12... Bd7 13. g3 $11) 13. Qd2 (13. exf6
$5 Qxf6 14. g3 $14) 13... fxe5 $11 14. Nxe5 Nxe5 15. dxe5 Bd7 16. f4 Qc5+ (
16... Rac8 17. Bf3 $11) 17. Qd4 $11 Qa5 (17... b6 18. a4 $11) 18. Bg4 (18. h4
Rf7 $14) 18... Rae8 (18... Rf7 19. h4 $11) 19. Bf3 (19. h4 Rf7 $11) 19... Re7
20. g3 Ref7 21. h4 Qa4 22. Rfc1 Bc8 (22... g6 23. Bg4 $11) 23. Kf2 (23. h5 g6
$11) 23... b6 (23... Rc7 24. h5 $11) 24. Ke3 (24. h5 Rc7 $11) 24... Qd7 (24...
Rc7 25. h5 $11) 25. Rf1 $14 Qe7 26. a4 (26. h5 h6 $14) 26... Qd8 1/2-1/2

[Event "SCC Swiss"]
[Site "?"]
[Date "1993.03.12"]
[Round "?"]
[White "Oslick, F."]
[Black "Bailey, B."]
[Result "0-1"]
[WhiteElo "1814"]
[BlackElo "1905"]
[Annotator "Stockfish 12 (15s)"]
[PlyCount "70"]

{A07: Réti Opening: New York and Capablanca Systems} 1. Nf3 Nf6 2. g3 g6 3. Bg2
Bg7 4. d3 d5 5. O-O O-O 6. Nbd2 Nbd7 7. c4 c6 8. Rb1 b6 (8... e5 9. b4 Re8 10.
b5 cxb5 11. cxb5 Nb6 12. Bb2 Qd6 13. Qb3 Bf5 14. Rbd1 Rad8 15. a4 Qb8 16. h3 h6
17. g4 Bd7 18. a5 Nc8 19. d4 e4 20. Ne5 Be6 21. f4 exf3 22. exf3 Nd6 23. f4 {
Barczay,L (2380)-Fogarasi,T (2435) Zalaegerszeg 1992 0-1 (42)}) 9. b3 $146 (9.
b4 Bb7 10. Bb2 Qc7 (10... Re8 11. e4 (11. a4 e5 12. b5 a6 13. bxc6 Bxc6 14.
cxd5 Bxd5 15. Rc1 Rc8 16. Rxc8 Qxc8 17. Qa1 Qb8 18. Rc1 Ng4 19. h3 Ngf6 20. Nc4
Bxc4 21. Rxc4 b5 22. axb5 axb5 23. Rc6 Nh5 24. Ng5 Nb6 25. Qa2 Re7 {
Pietrasanta,J (2199)-Loyer,A (2031) France 2004 1-0}) 11... dxe4 12. dxe4 e5
13. Qc2 Qc7 14. c5 b5 15. Nb3 Rad8 16. Rbd1 Re7 17. Rd6 Ne8 18. Rfd1 Qb8 19.
R6d2 Bf8 20. Nxe5 Qc7 21. Bh3 Nxe5 22. Rxd8 {
1-0 (22) Bettalli,M (2089)-Masullo,A Siena 1999}) 11. cxd5 cxd5 12. Qb3 Rac8
13. Rfc1 Qb8 14. Bh3 e6 15. Bc3 Rc7 16. Rc2 Rfc8 17. Rbc1 h6 18. Qb2 g5 19. Bg2
Ne8 20. Bxg7 Nxg7 21. h3 Nf5 22. Nf1 Rxc2 23. Rxc2 Rxc2 {
Artigas Isart,M (2240)-Guglielmi,D (2030) Venice 2005 1/2-1/2 (38)}) (9. b4 e5
$11) 9... Bb7 (9... e5 10. e3 $11) 10. Bb2 $11 Re8 11. Ne5 Nxe5 12. Bxe5 Nd7 (
12... c5 $5 $11) 13. Bxg7 $14 Kxg7 14. f4 (14. b4 $5 $14) 14... e5 $11 15. fxe5
(15. Qc1 Qe7 $11) 15... Nxe5 (15... Rxe5 $143 16. Nf3 Re7 17. cxd5 cxd5 18. Qd2
$14) 16. h3 $2 (16. Qc1 $142 $11) 16... Qg5 $19 17. d4 Qe3+ 18. Kh2 Qxd4 19.
Rf4 Qc5 20. cxd5 cxd5 21. Rc1 Qe7 22. Nf3 (22. Nf1 $5 $17) 22... Nxf3+ 23. Bxf3
Rac8 24. Rxc8 Rxc8 (24... Bxc8 $6 25. Qxd5 Bf5 26. g4 $11) 25. Qd4+ Kg8 (25...
f6 26. Qd3 $17) 26. h4 (26. a4 Rc5 27. h4 h5 $17) 26... Re8 (26... h5 $142 27.
a4 Rc5 $17) 27. Bxd5 $4 (27. Kg2 $142 $17) 27... Bxd5 $19 28. Qxd5 Qxe2+ 29.
Kg1 (29. Kh3 Re7 30. a4 $19) 29... Qe7 30. Kh2 Rd8 (30... Rc8 $142 31. Re4 Qc5
32. Qxc5 Rxc5 $19 (32... bxc5 $6 33. Ra4 $11)) 31. Qc4 $4 (31. Rxf7 $142 $1
Rxd5 32. Rxe7 Rd2+ 33. Kh3 Rxa2 34. Kg4 $11) 31... Rd2+ $19 32. Kh3 (32. Kh1
Qb7+ 33. Qe4 Qc8 $19) 32... Qd7+ 33. g4 Qd3+ 34. Qxd3 Rxd3+ 35. Kg2 Rd2+ (35...
Rd2+ 36. Kg3 Rxa2 $19) 0-1

[Event "SCC Team Action"]
[Site "?"]
[Date "1993.04.02"]
[Round "1"]
[White "Eagen, P."]
[Black "Bailey, B."]
[Result "0-1"]
[WhiteElo "100"]
[BlackElo "1751"]
[Annotator "Stockfish 12 (15s)"]
[PlyCount "72"]

{C50: Hungarian Defence and Giuoco Pianissimo} 1. e4 e5 2. Nf3 Nc6 3. Nc3 Nf6
4. Bc4 Bc5 5. O-O O-O 6. d3 h6 7. Re1 d6 8. Nd5 (8. Be3 Bxe3 9. Rxe3 Nd4 10.
Nd5 Bg4 11. Nxf6+ Qxf6 12. Kf1 Rad8 13. c3 Nxf3 14. gxf3 Bh3+ 15. Ke1 Be6 16.
Bxe6 fxe6 17. d4 c6 18. d5 Rd7 19. Qb3 Re7 20. Rd1 Rd8 21. Red3 c5 22. dxe6
Qxe6 {Ahlswede,C (1081)-Schneider,C (952) Sebnitz 2005 0-1 (58)}) 8... Na5 $146
(8... Nxd5 9. Bxd5 Nd4 (9... Bg4 10. h3 Bh5 11. Be3 Bb6 12. Bxc6 bxc6 13. Qe2
Qf6 14. g4 Bg6 15. g5 hxg5 16. Bxg5 Qe6 17. Kg2 f6 18. Be3 Bxe3 19. Qxe3 c5 20.
c3 Rab8 21. Re2 Kf7 22. d4 cxd4 23. cxd4 exd4 24. Nxd4 {
Wagner,K-Waltrich,U Wilhelmshaven 1998 1/2-1/2}) 10. c3 Ne6 11. b4 Bb6 12. a4
a5 13. b5 Bd7 14. Bxb7 Rb8 15. Bd5 Qc8 16. Ba3 c5 17. d4 Qc7 18. dxe5 dxe5 19.
Ra2 Rfd8 20. Rd2 Qd6 21. Bc6 Qe7 22. Bxd7 Nf8 23. Bc6 {
Schepers,K-Cathoir,S Belgium 1998 1-0 (35)}) (8... Bg4 9. h3 Bh5 10. Be3 Bb6
11. Nxb6 cxb6 12. d4 Nxe4 13. d5 Nb4 14. c3 Na6 15. Bb3 Re8 16. Bc2 Nac5 17.
Qc1 Bxf3 18. gxf3 Ng5 19. Kg2 e4 20. fxe4 Ngxe4 21. Bxc5 Nxc5 22. b4 Nd7 23.
Re3 {Redlichova,E-Halova,R Most 1999 0-1 (42)}) 9. b4 Nxc4 (9... Nxd5 $142 $5
10. bxc5 Nf4 $11) 10. bxc5 $14 Na5 11. Bd2 (11. c4 $5 $16) 11... Nc6 $11 12.
cxd6 cxd6 13. c4 Bg4 14. h3 Bh5 15. Re3 (15. Ne3 Bg6 $16) 15... Nxd5 $14 16.
cxd5 (16. exd5 $143 Ne7 17. g4 Bg6 $15) 16... Nd4 17. g4 Nxf3+ 18. Rxf3 (18.
Qxf3 Bg6 $14) 18... Bg6 $11 19. Rg3 Rc8 20. g5 (20. a4 $14) 20... hxg5 (20...
h5 21. Qa4 $11) 21. Bxg5 (21. Rxg5 $142 Rc7 22. Rg3 $16) 21... Qc7 $4 (21...
Qe8 $142 $5 $11) 22. h4 (22. Rc1 $142 Qd7 23. Rxc8 Qxc8 24. Be7 $18) 22... f6
$2 (22... f5 $142 $5 23. h5 Bh7 $16) 23. Bh6 $18 Kh7 24. h5 gxh6 25. hxg6+ Kg7
26. Qh5 (26. Qg4 Rh8 $16) 26... Qd7 27. Rh3 Rh8 28. Kg2 (28. a4 b6 29. Rf3 Rcf8
$16) 28... Rcf8 $2 (28... b5 $142 $16) 29. Rah1 $4 (29. Qf5 $142 Qxf5 30. exf5
$18) 29... f5 $11 30. Rf3 f4 31. d4 Qe7 $4 (31... exd4 32. Rh4 Qe7 33. Rhxf4
Rxf4 34. Rxf4 Qg5+ 35. Qxg5 hxg5 36. Rf7+ Kxg6 37. Rxb7 $11) 32. Rc1 (32. dxe5
$142 dxe5 33. Rc3 $18) 32... exd4 $11 33. Rd3 $4 (33. Kf1 $142 $11) 33... Rc8 (
33... Qg5+ $142 $5 34. Qxg5 hxg5 35. Kf3 Kxg6 36. Rxd4 Rh3+ 37. Ke2 $19) 34.
Rxc8 (34. Re1 Qg5+ 35. Qxg5 hxg5 $19) 34... Rxc8 35. Qxh6+ (35. Rxd4 Qg5+ 36.
Qxg5 hxg5 37. Rb4 $19) 35... Kxh6 36. Kf3 (36. e5 Kxg6 37. Rh3 Qg5+ 38. Kf3
Rc3+ 39. Ke2 Rxh3 40. a3 Qf5 41. Kd2 Qb1 42. exd6 Rd3+ 43. Ke2 f3#) 36... Rc3 (
36... Rc3 37. Rxc3 dxc3 38. g7 Kxg7 39. e5 Qxe5 40. a3 c2 41. a4 c1=Q 42. Kg2
Qxd5+ 43. f3 Qc2+ 44. Kf1 Qdd1#) (36... Rc2 37. e5 Qxe5 38. a3 Qxd5+ 39. Kg4
Rxf2 40. Rh3+ Kxg6 41. Rf3 Qxf3+ 42. Kh4 Qh5#) 0-1

[Event "SCC Team Action"]
[Site "?"]
[Date "1993.04.02"]
[Round "2"]
[White "Bailey, B."]
[Black "Gates, M."]
[Result "1-0"]
[WhiteElo "1751"]
[BlackElo "1466"]
[Annotator "Stockfish 12 (15s)"]
[PlyCount "107"]

{C80: Open Ruy Lopez: Sidelines and 9 Nbd2} 1. e4 e5 2. Nf3 Nc6 3. Bb5 a6 4.
Ba4 Nf6 5. O-O Nxe4 6. d4 b5 7. Bb3 d5 8. dxe5 Be6 9. Be3 Nc5 10. Bf4 $4 $146 (
10. Nc3 Nxb3 11. axb3 (11. cxb3 Be7 12. Rc1 Qd7 13. h3 (13. Qe2 O-O 14. Rfd1
Rfd8 15. Ne4 Bg4 16. Nc5 Bxc5 17. Bxc5 Qf5 18. Ba3 Bxf3 19. Qxf3 Qxf3 20. gxf3
Nxe5 21. Rxc7 Nxf3+ 22. Kg2 Nh4+ 23. Kg3 Nf5+ 24. Kf4 g6 25. Rc5 Rdb8 26. Bb4
d4 27. Rxf5 gxf5 {Lind,J (2215)-Ernst,T (2440) Oerebro 1990 1/2-1/2 (43)})
13... O-O 14. Ne2 Rfc8 15. Nf4 a5 16. a3 Nd8 17. Nd3 Bf5 18. Nc5 Bxc5 19. Bxc5
Ne6 20. Nd4 Bg6 21. Qd2 c6 22. Rfe1 Re8 23. Bd6 Nxd4 24. Qxd4 f6 25. Qb6 Rec8 {
Groszpeter,A (2555)-Brunner,L (2475) Biel 1990 1-0 (56)}) 11... Be7 12. Ne2 Bg4
(12... O-O 13. c3 Qd7 14. Qd2 Bg4 15. Ned4 Nxd4 16. Nxd4 c5 17. Nc2 Bf5 18.
Rfd1 Bxc2 19. Qxc2 Qe6 20. Re1 Rfd8 21. Rad1 Rac8 22. f4 d4 23. f5 Qb6 24. Bf2
Qh6 25. Qe4 dxc3 26. bxc3 Qc6 27. Qg4 {
Kehl,R-Eroes,P Bad Kuehlungsborn 1964 1/2-1/2 (46)}) 13. Nf4 Bxf3 14. Qxf3 Nxe5
15. Qxd5 Qxd5 16. Nxd5 Bd6 17. Rfe1 O-O 18. Bd4 Nc6 19. Bc3 Rfd8 20. Red1 b4
21. Be1 f6 22. g3 Kf7 23. f4 a5 24. Bf2 Rab8 {
Suesholz,S-Van Foreest,D Amsterdam 1887 1/2-1/2 (35)}) (10. Qd2 Nxb3 11. axb3
Bb4 12. c3 Be7 13. h3 O-O 14. Rd1 d4 15. cxd4 Bxb3 16. Rc1 Bb4 17. Nc3 Ne7 18.
Ng5 f6 19. exf6 Rxf6 20. Qd3 Rg6 21. Nxb5 Bd5 22. Nxc7 Ra7 23. Nxd5 Nxd5 24.
Qc4 Rc7 {Lami,F-Buj,P Buenos Aires 1973 0-1 (46)}) (10. Nc3 $142 Nxb3 11. axb3
$16) 10... Nxb3 (10... d4 11. Ng5 Bxb3 12. axb3 $15) 11. axb3 Bc5 12. Nc3 Nb4 (
12... O-O $142 $15) 13. Ne2 $16 O-O 14. Ned4 Qd7 15. Re1 (15. c3 Nc6 16. Nxc6 (
16. Nxe6 $6 fxe6 17. Bc1 a5 $11) 16... Qxc6 17. b4 $16) 15... Bg4 (15... Bxd4
$142 16. Nxd4 c5 $11) 16. c3 $4 (16. Qd2 $142 Bxd4 17. Nxd4 $14) 16... Nc6 $4 (
16... Bxd4 $142 17. cxb4 Bxb2 $19) 17. Nxc6 $16 Qxc6 18. Qd3 (18. b4 Be7 $16)
18... Qb6 (18... Qg6 19. Qxd5 Bb6 20. Qe4 Bxf3 21. Qxf3 $11) 19. Re2 (19. Nd4
$142 b4 20. Qg3 bxc3 21. bxc3 Bxd4 22. cxd4 $14) 19... c6 $4 (19... b4 20. cxb4
Bxb4 21. Qxd5 $11) 20. Rd2 $4 (20. b4 Be7 21. h3 Bxf3 22. Qxf3 $16 (22. gxf3 $6
a5 23. Be3 Qc7 24. bxa5 Rxa5 25. Rxa5 Qxa5 $11)) 20... Be7 (20... Bxf3 $5 21.
gxf3 a5 $11) 21. Ng5 g6 $2 (21... Bxg5 $142 22. Bxg5 Rfe8 $16) 22. Qg3 $18 Bf5
23. Nf3 $4 (23. Re1 $5 Rfe8 24. Qh4 h5 $18) 23... Qd8 $2 (23... b4 $142 24. h4
bxc3 25. bxc3 c5 $16) 24. Re1 Be6 25. Nd4 (25. Bg5 $5 a5 $18) 25... Bh4 26. Qe3
Qc8 (26... Qd7 $18) 27. Bh6 Re8 28. Qf4 Be7 29. Rd3 $4 (29. b4 $142 $18) 29...
c5 $11 30. Nf3 c4 (30... a5 $142 $11) 31. bxc4 $18 bxc4 (31... Qxc4 32. Rd4 Qa2
33. Rd3 $16) 32. Rd2 Qd8 (32... a5 33. h4 $18) 33. Bg5 (33. Nd4 $142 Qd7 $18)
33... Rf8 $2 (33... a5 $142 $18) 34. Bf6 Re8 35. Qh4 Bxf6 (35... Bf5 36. Rxd5
Qxd5 37. Bxe7 Rxe7 38. Qxe7 $18) 36. exf6 (36. Qxf6 $6 Qxf6 37. exf6 a5 $16)
36... h5 (36... Bf5 37. Rde2 Re4 38. Rxe4 Bxe4 $18) 37. Rde2 Qd6 (37... a5 38.
Qg5 Kh7 39. h3 $18) 38. Qg5 Qf8 (38... Kh7 39. h3 $18) 39. h3 (39. Rxe6 $142
Rxe6 40. Rxe6 Qc8 $18) 39... Kh7 (39... Bf5 40. Re7 $18) 40. Nd4 Bd7 (40... Qg8
41. Qg3 Kh8 42. Re5 $18) 41. Qxd5 Rxe2 (41... Rad8 42. Re7 Bb5 43. Qe5 $18) 42.
Rxe2 Rd8 (42... Kg8 43. Re7 Ba4 44. Rxf7 Qxf7 45. Qxa8+ Qe8 46. Qd5+ Qf7 47.
Qd6 $18) 43. Qxc4 (43. Re7 Kh6 44. Rxf7 Qe8 $18) 43... Bb5 44. Nxb5 axb5 45.
Qxb5 Rd1+ 46. Kh2 Qd6+ 47. g3 (47. Qe5 $142 Qxe5+ 48. Rxe5 Kh6 $18) 47... Rd5 (
47... Qxf6 48. Kg2 $18) 48. Qc4 (48. Qb7 $142 Qd7 49. Qxd7 Rxd7 50. c4 $18)
48... Qd7 (48... h4 49. Qxh4+ Rh5 $18) 49. Re7 Qb5 50. Rxf7+ Kg8 (50... Kh6 51.
Qc7 Re5 52. Rh7+ Kg5 53. f7 Kf5 54. f8=Q+ Ke4 55. c4 Rf5 56. Qcd6 Kf3 57. Re7
Qxc4 58. Qd1+ Kxf2 59. Qe1+ Kf3 60. Qe3#) 51. Rg7+ (51. Qe4 Rf5 52. Rg7+ Kh8
53. Qa8+ Qe8 54. Qxe8#) 51... Kf8 52. Qc8+ (52. Qc7 Qd7 53. Rxd7 Rxd7 54. Qxd7
h4 55. Qg7+ Ke8 56. Qe7#) 52... Qe8 53. Rg8+ $1 Kf7 (53... Kxg8 54. Qxe8+ {
Mate attack Deflection}) 54. Qxe8+ (54. Qxe8+ Kxf6 55. Rxg6+ Kf5 56. Qe6#) 1-0

[Event "SCC Team Action"]
[Site "?"]
[Date "1993.04.02"]
[Round "3"]
[White "Bailey, B."]
[Black "Meyer, C."]
[Result "1-0"]
[WhiteElo "1751"]
[BlackElo "1297"]
[Annotator "Stockfish 12 (15s)"]
[PlyCount "75"]

{B12: Caro-Kann: Advance Variation} 1. e4 c6 2. d4 d5 3. e5 Bf5 4. Nf3 e6 5.
Be2 c5 6. c3 Nc6 7. Nbd2 cxd4 8. cxd4 (8. Nxd4 Nxd4 9. cxd4 Ne7 10. O-O Nc6 11.
Nb3 Be7 12. Be3 O-O 13. Rc1 Qb6 14. a3 a5 15. Bd3 Bxd3 16. Qxd3 a4 17. Nd2 Qxb2
18. Ra1 Qb6 19. Rfb1 Qa6 20. Qxa6 bxa6 21. Rb7 Rfb8 22. Rc7 Rc8 {
Polaczek,R (2400)-Van Mil,J (2430) Antwerp 1991 0-1}) 8... Nge7 $146 (8... Qb6
9. Nb3 Nb4 10. O-O Nc2 (10... Rc8 11. Bd2 a5 12. a3 Nc2 13. Nxa5 Nxa1 14. Qa4+
Rc6 15. Nxc6 bxc6 16. Qa8+ Qd8 17. Qxc6+ Qd7 18. Qa8+ Qd8 19. Bb5+ {
1-0 (19) Mudra,P-Schuster,P (1983) Brno 2005}) 11. Nh4 Nxa1 12. Nxa1 Ne7 13.
Nxf5 exf5 14. Nb3 Nc6 15. Bf3 Rd8 16. Re1 Be7 17. Nc5 Nxd4 18. Qxd4 Bxc5 19.
Qa4+ Qc6 20. Qxc6+ bxc6 21. e6 f6 22. Bd2 Ke7 23. Rc1 {
Paravin,G-Smirnov,A (2193) Moscow 1999 0-1}) 9. O-O h6 (9... a5 10. a3 $11) 10.
Nb3 Bh7 (10... Qb6 11. Be3 $14) 11. g4 (11. Bd2 $5 $14) 11... Qb6 12. Be3 Ng6 (
12... Nb4 13. Nc5 Nec6 14. Na4 $11) 13. Rc1 Be7 14. Qd2 (14. Bd3 O-O $11) 14...
O-O (14... Bb4 15. Qd1 $11) 15. Kh1 (15. Nc5 Qc7 $11) 15... Nh4 (15... Bb4 $142
16. Qd1 a5 $11) 16. Rg1 $4 (16. Nxh4 $142 Bxh4 17. Nc5 $14) 16... Be4 $19 17.
Rg3 Bb4 (17... a5 $142 18. Kg1 a4 $19) 18. Rc3 $4 (18. Qd1 $142 f5 19. exf6
Rxf6 20. Kg1 Bxf3 21. Bxf3 $17) 18... Bxc3 19. bxc3 Nxf3 (19... Na5 $142 20.
Kg1 Nc4 $19) 20. Bxf3 Bxf3+ (20... Qb5 $142 $5 21. Bxe4 dxe4 22. Kg2 $19) 21.
Rxf3 $17 Qd8 (21... f6 $142 22. exf6 Rxf6 23. Rxf6 gxf6 24. Bxh6 Qc7 $17) 22.
Bxh6 $11 Qh4 (22... gxh6 23. Qxh6 Qh4 24. Qxh4 f6 25. exf6 e5 26. Nc5 Rf7 27.
Rh3 Rg7 28. Qh8+ Kf7 29. Qxg7+ Ke8 30. Rh8#) 23. Bg5 Qh7 24. Qe3 (24. Kg1 Qe4
25. Re3 Qh7 $11 (25... Qxg4+ $4 26. Rg3 Qh5 27. Bf6 $18)) 24... Qe4 25. Qxe4
dxe4 26. Re3 f6 27. exf6 gxf6 28. Bh6 Rf7 29. Rxe4 Re8 (29... e5 30. Be3 $11)
30. d5 (30. Kg2 e5 $11) 30... Ne5 $11 31. dxe6 Rxe6 32. f4 Nxg4 (32... f5 $5
33. Rxe5 Rxh6 $11) 33. Rxe6 $11 Nxh6 34. Kg2 Rg7+ 35. Kf3 Ng4 $4 (35... Rc7
$142 $11) 36. h3 $18 Nh2+ (36... Kf7 37. Rd6 Ke7 38. Rd1 $18) 37. Kf2 Kf7 38.
Re1 (38. Re1 Rg8 39. Nd4 $18) 1-0

[Event "SCC Swiss"]
[Site "?"]
[Date "1993.04.16"]
[Round "?"]
[White "Bailey, B."]
[Black "Golding, D."]
[Result "1/2-1/2"]
[WhiteElo "1854"]
[BlackElo "1501"]
[Annotator "Stockfish 12 (15s)"]
[PlyCount "90"]

{B06: Modern Defence} 1. e4 g6 2. d4 Bg7 3. Nf3 c6 4. Bd3 d5 5. e5 Nh6 6. Nbd2
$146 (6. O-O O-O 7. Bf4 (7. Re1 f6 8. exf6 exf6 9. c3 {
1/2-1/2 (9) Lisko,F (2330)-Danner,G (2360) CSR 1991}) (7. Bg5 f6 8. exf6 exf6
9. Bf4 Re8 10. c3 Nd7 11. Qd2 Nf7 12. Na3 Nf8 13. h3 Ne6 14. Be3 f5 15. Rae1
Bd7 16. Nc2 Qf6 17. Bf4 Rad8 18. Ne5 Nxf4 19. Qxf4 Nxe5 20. dxe5 Rxe5 21. Rxe5
Qxe5 {Spittler,K-Schneider,B (2335) Germany 1987 0-1 (50)}) 7... f6 8. Re1 fxe5
(8... a5 9. c4 Na6 10. Nc3 fxe5 11. Bxe5 Bg4 12. Be2 e6 13. c5 Nf7 14. Bxg7
Kxg7 15. Ne5 Nxe5 16. Bxg4 Nxg4 17. Qxg4 Qf6 18. Rf1 Rae8 19. Rae1 Re7 20. Ne2
Nb4 21. Ng3 Kh8 22. Re3 {1/2-1/2 (22) Knazovcik,L (2310)-Baier,P Czechia 1996})
9. Bxe5 Bg4 10. Nbd2 Bxe5 11. Rxe5 Nf7 12. Re3 c5 13. Be2 Nc6 14. dxc5 Bxf3 15.
Nxf3 e5 16. c3 e4 17. Nd4 Qf6 18. Qd2 Rae8 19. Rf1 Qg5 20. Qd1 Nh6 {
Kurass,I-Kostiuchenko,A Kiev 1963 1/2-1/2 (41)}) (6. Bg5 f6 7. Bf4 O-O 8. Nbd2
Nf7 9. Qe2 fxe5 10. Nxe5 c5 11. dxc5 Nc6 12. Nxc6 bxc6 13. c3 e5 14. Bg3 Rb8
15. b4 e4 16. Ba6 Bxc3 17. Bxb8 Bxa6 18. Qxa6 Qxb8 19. Rd1 Qxb4 20. Qe2 Qxc5 {
Anka,E (2400)-Schneider,B (2200) Budapest 1989 0-1}) (6. O-O O-O $16) 6... O-O
7. Nf1 (7. O-O c5 8. Re1 Nc6 $14) 7... f6 (7... c5 8. c3 (8. dxc5 $143 Ng4 $17)
8... cxd4 9. cxd4 $11 (9. Nxd4 $143 Nc6 $17)) 8. c3 (8. h4 fxe5 9. dxe5 Ng4 $11
) 8... Nf7 (8... fxe5 $5 9. Nxe5 c5 $11) 9. exf6 $14 exf6 10. Be3 (10. h4 Re8+
11. Ne3 Nd7 $14) 10... Bg4 (10... f5 11. Ng3 $14) 11. h3 Bxf3 12. Qxf3 Nd6 $2 (
12... f5 13. O-O-O Ng5 14. Bxg5 Qxg5+ 15. Ne3 $14) 13. Nd2 (13. h4 $142 $5 f5
14. h5 $18) 13... f5 $16 14. h4 (14. Qf4 Qf6 15. h4 Nd7 $14) 14... Nd7 $14 15.
Bg5 (15. O-O-O $5 $14) 15... Qe8+ 16. Be2 (16. Qe2 Qxe2+ 17. Bxe2 Rae8 $11)
16... Ne4 (16... Nf6 17. Qf4 Rd8 18. h5 $11) 17. O-O-O (17. Nxe4 fxe4 18. Qh3
Nf6 $11) 17... Nxd2 (17... Qe6 $5 $15) 18. Rxd2 $11 Nf6 19. Bd3 Qd7 20. Re2
Rae8 (20... h5 21. Be3 $14) 21. Rhe1 (21. Bxf6 Rxf6 22. Rxe8+ Qxe8 $14) 21...
Rxe2 $11 22. Rxe2 Re8 23. Bf4 Rxe2 24. Qxe2 Kf7 25. f3 Qe7 26. Kd2 Qxe2+ 27.
Kxe2 Nd7 28. a4 Ke6 29. h5 Kf7 30. hxg6+ hxg6 31. b4 b6 $4 (31... Nb6 32. Bc2
$11) 32. g4 (32. Kd2 $142 $18) 32... fxg4 $14 33. fxg4 c5 34. Ke3 c4 $2 (34...
cxd4+ $142 35. cxd4 Bf8 $11) 35. Bf1 Nf6 $2 (35... b5 $142 36. axb5 Bf8 $16)
36. Bb8 (36. g5 $142 Ne4 37. Bxc4 $18) 36... a6 (36... Nxg4+ $2 37. Kf3 Nf6 38.
Bxa7 $18) 37. b5 axb5 38. axb5 Nxg4+ 39. Kf4 Nf6 40. Bc7 Ne4 41. Bxb6 Nxc3 42.
Bg2 Bf6 43. Ba5 Nxb5 44. Bxd5+ Kg7 45. Bxc4 Nxd4 1/2-1/2